000 00498nam a2200181Ia 4500
003 GCL
008 140319s9999 xx 000 0 eng d
040 _aGCL /
_cGCL
082 0 4 _a296.155
_bM D
100 1 _aMARTINEZ, FLORENTINO GARCIA
245 1 0 _aTHE DEAD SEA SCROLLS TRANSLATED: THE QUMRAN TEXTS IN ENGLISH /
_cMARTINEZ, FLORENTINO GARCIA
700 1 _aWASTON, WILFRED G.E
300 _a513 P
650 0 4 _aRELIGION
650 0 4 _aJUDAISM
650 0 4 _aQUMRAN COMMUNITY
942 _2ddc
_cBK
999 _c14227
_d14227